header

Kiswahili Kwa Kidato Cha 1 (Record no. 252121)

MARC details
000 -LEADER
fixed length control field 00250nam a22001097a 4500
020 ## - INTERNATIONAL STANDARD BOOK NUMBER
ISBN 9966445838
100 ## - MAIN ENTRY--AUTHOR NAME
Personal name KLB
245 ## - TITLE STATEMENT
Title Kiswahili Kwa Kidato Cha 1
250 ## - EDITION STATEMENT
Edition statement TOLEO LA NNE
260 ## - PUBLICATION, DISTRIBUTION, ETC. (IMPRINT)
Place of publication NAIROBI
Name of publisher KENYA LITERATURE BUREAU
Year of publication 2007
942 ## - ADDED ENTRY ELEMENTS (KOHA)
Koha item type Long Loan Books
Holdings
Withdrawn status Lost status Home library Current library Shelving location Date acquired Full call number Accession Number Koha item type
    Rongo University Library Rongo University Library Reference 25/01/2016 PL8703.5K5792007 20088304 Long Loan Books
    Rongo University Library Rongo University Library Reference 25/01/2016 496.392KENC2 20088307 Long Loan Books

© 2026 Rongo University
Contact us: librarian | system librarian | Rongo university